[Event "Greek Team Championship"]
[Site "chess24.com"]
[Date "2017.07.04"]
[Round "2"]
[White "Markaki, Sofia"]
[Black "Brunello, Marina"]
[Result "0-1"]
[Board "5"]
[WhiteElo "1670"]
[WhiteCountry "GRE"]
[WhiteFideId "4248848"]
[WhiteEloChange "-2"]
[BlackElo "2367"]
[BlackTitle "FM"]
[BlackCountry "ITA"]
[BlackFideId "822590"]
[BlackEloChange "2"]

1. e4 {[%clk 1:25:36]} c5 {[%clk 1:30:44]} 2. Nf3 {[%clk 1:25:58]} d6 {[%clk
1:30:54]} 3. d4 {[%clk 1:26:23]} cxd4 {[%clk 1:31:20]} 4. Nxd4 {[%clk 1:26:47]}
Nf6 {[%clk 1:31:46]} 5. Nc3 {[%clk 1:26:33]} a6 {[%clk 1:32:13]} 6. Bg5 {[%clk
1:27:04]} Nbd7 {[%clk 1:32:27]} 7. Bc4 {[%clk 1:26:58]} Qb6 {[%clk 1:32:33]} 8.
Qd2 {[%clk 1:23:24]} Qxb2 {[%clk 1:29:48]} 9. Rb1 {[%clk 1:23:47]} Qa3 {[%clk
1:30:11]} 10. f3 {[%clk 1:03:44]} e6 {[%clk 1:26:07]} 11. Bb3 {[%clk 0:32:33]}
Be7 {[%clk 1:23:46]} 12. O-O {[%clk 0:29:29]} h6 {[%clk 1:19:30]} 13. Be3 {[%clk
0:28:07]} Nc5 {[%clk 1:19:02]} 14. Nde2 {[%clk 0:23:05]} Qa5 {[%clk 1:15:24]} 15.
Bf4 {[%clk 0:15:22]} Qc7 {[%clk 1:10:09]} 16. Rfd1 {[%clk 0:09:26]} e5 {[%clk
1:08:14]} 17. Be3 {[%clk 0:09:12]} Nxb3 {[%clk 1:08:35]} 18. cxb3 {[%clk
0:05:42]} b5 {[%clk 1:03:05]} 19. Nd5 {[%clk 0:03:50]} Nxd5 {[%clk 1:03:26]} 20.
Qxd5 {[%clk 0:04:14]} Bb7 {[%clk 1:02:02]} 21. Qd2 {[%clk 0:04:27]} Rc8 {[%clk
0:57:26]} 22. Rbc1 {[%clk 0:04:25]} Qb8 {[%clk 0:57:45]} 23. Ng3 {[%clk 0:03:53]}
Rxc1 {[%clk 0:55:51]} 24. Rxc1 {[%clk 0:04:12]} Bc8 {[%clk 0:56:08]} 25. Rc6
{[%clk 0:02:00]} O-O {[%clk 0:51:19]} 26. Nf5 {[%clk 0:01:31]} Bxf5 {[%clk
0:50:44]} 27. exf5 {[%clk 0:01:55]} Rd8 {[%clk 0:47:05]} 28. Rxa6 {[%clk
0:02:05]} d5 {[%clk 0:46:16]} 29. Rb6 {[%clk 0:01:33]} Qc8 {[%clk 0:45:28]} 30.
Rxb5 {[%clk 0:01:05]} d4 {[%clk 0:45:49]} 31. Bf2 {[%clk 0:01:27]} Qxf5 {[%clk
0:45:33]} 32. a4 {[%clk 0:00:35]} Bg5 {[%clk 0:45:40]} 33. Qd1 {[%clk 0:00:35]}
Rc8 {[%clk 0:46:05]} 34. Qxd4 {[%clk 0:00:35]} 0-1

[Event "Greek Team Championship"]
[Site "chess24.com"]
[Date "2017.07.04"]
[Round "2"]
[White "Avramidou, Anastasia"]
[Black "Petraki, Evaggelia"]
[Result "1-0"]
[Board "6"]
[WhiteElo "2247"]
[WhiteTitle "FM"]
[WhiteCountry "GRE"]
[WhiteFideId "4239873"]
[WhiteEloChange "3"]
[BlackElo "1939"]
[BlackCountry "GRE"]
[BlackFideId "4252756"]
[BlackEloChange "-3"]

1. d4 {[%clk 1:30:56]} Nf6 {[%clk 1:25:18]} 2. c4 {[%clk 1:31:16]} e6 {[%clk
1:25:43]} 3. Nc3 {[%clk 1:31:37]} c5 {[%clk 1:26:10]} 4. d5 {[%clk 1:32:01]} exd5
{[%clk 1:26:38]} 5. cxd5 {[%clk 1:32:22]} d6 {[%clk 1:27:04]} 6. Nf3 {[%clk
1:32:43]} g6 {[%clk 1:27:28]} 7. Bf4 {[%clk 1:33:06]} a6 {[%clk 1:27:52]} 8. a4
{[%clk 1:33:32]} Bg7 {[%clk 1:28:18]} 9. h3 {[%clk 1:33:56]} O-O {[%clk 1:28:38]}
10. e3 {[%clk 1:34:20]} Ne8 {[%clk 1:29:03]} 11. Be2 {[%clk 1:33:08]} Nd7 {[%clk
1:29:27]} 12. O-O {[%clk 1:32:27]} Rb8 {[%clk 1:29:31]} 13. Qc2 {[%clk 1:26:43]}
Qe7 {[%clk 1:27:44]} 14. a5 {[%clk 1:20:26]} f5 {[%clk 1:24:37]} 15. Rfe1 {[%clk
1:10:26]} Nc7 {[%clk 1:06:24]} 16. Bh2 {[%clk 0:59:00]} Ne5 {[%clk 0:55:26]} 17.
Nd2 {[%clk 0:51:22]} b5 {[%clk 0:47:14]} 18. axb6 {[%clk 0:51:40]} Rxb6 {[%clk
0:47:39]} 19. f4 {[%clk 0:41:00]} Nf7 {[%clk 0:38:10]} 20. Bf3 {[%clk 0:41:18]}
Re8 {[%clk 0:29:32]} 21. Bg3 {[%clk 0:30:50]} Nb5 {[%clk 0:24:14]} 22. Nc4 {[%clk
0:20:34]} Rb8 {[%clk 0:23:09]} 23. Na5 {[%clk 0:20:53]} Bd7 {[%clk 0:21:43]} 24.
Ra2 {[%clk 0:19:48]} Qf6 {[%clk 0:16:09]} 25. Nc6 {[%clk 0:10:44]} Bxc6 {[%clk
0:12:41]} 26. dxc6 {[%clk 0:11:08]} Nxc3 {[%clk 0:13:02]} 27. bxc3 {[%clk
0:11:34]} Qxc3 {[%clk 0:12:35]} 28. Qxc3 {[%clk 0:11:36]} Bxc3 {[%clk 0:13:00]}
29. Rc1 {[%clk 0:12:01]} Bb4 {[%clk 0:09:46]} 30. Rxa6 {[%clk 0:08:09]} Rbc8
{[%clk 0:05:27]} 31. Ra7 {[%clk 0:03:20]} Nd8 {[%clk 0:02:55]} 32. Bd5+ {[%clk
0:03:12]} Kh8 {[%clk 0:03:22]} 33. Bh4 {[%clk 0:03:28]} Rf8 {[%clk 0:01:41]} 34.
Be7 {[%clk 0:03:39]} Nxc6 {[%clk 0:01:03]} 35. Bxc6 {[%clk 0:03:59]} Rxc6 {[%clk
0:01:18]} 36. Bxf8 {[%clk 0:04:23]} Bd2 {[%clk 0:01:14]} 37. Rb1 {[%clk 0:03:45]}
Bb4 {[%clk 0:00:58]} 38. Ra8 {[%clk 0:03:29]} 1-0

[Event "Greek Team Championship"]
[Site "chess24.com"]
[Date "2017.07.04"]
[Round "2"]
[White "Petraki, Argiro"]
[Black "Louka, Magdalini"]
[Result "0-1"]
[Board "7"]
[WhiteElo "1633"]
[WhiteCountry "GRE"]
[WhiteFideId "4252748"]
[WhiteEloChange "-8"]
[BlackElo "1703"]
[BlackCountry "GRE"]
[BlackFideId "4271246"]
[BlackEloChange "8"]

1. e4 {[%clk 1:30:05]} c5 {[%clk 1:30:55]} 2. Nf3 {[%clk 1:30:22]} g6 {[%clk
1:31:17]} 3. d4 {[%clk 1:30:46]} cxd4 {[%clk 1:31:41]} 4. Nxd4 {[%clk 1:31:12]}
Bg7 {[%clk 1:32:07]} 5. Be3 {[%clk 1:31:38]} Nc6 {[%clk 1:32:02]} 6. c4 {[%clk
1:32:01]} Nf6 {[%clk 1:32:15]} 7. Nc3 {[%clk 1:32:24]} O-O {[%clk 1:32:15]} 8.
Be2 {[%clk 1:31:35]} d6 {[%clk 1:32:36]} 9. O-O {[%clk 1:31:25]} Bd7 {[%clk
1:32:37]} 10. Nc2 {[%clk 1:31:37]} a5 {[%clk 1:30:14]} 11. f4 {[%clk 1:16:12]}
Nb4 {[%clk 1:11:21]} 12. c5 {[%clk 1:01:36]} Bc6 {[%clk 0:58:51]} 13. a3 {[%clk
0:50:28]} Na6 {[%clk 0:58:51]} 14. cxd6 {[%clk 0:48:08]} Nxe4 {[%clk 0:49:41]}
15. dxe7 {[%clk 0:48:15]} Qxe7 {[%clk 0:49:49]} 16. Nxe4 {[%clk 0:48:15]} Bxe4
{[%clk 0:48:23]} 17. Bf2 {[%clk 0:27:18]} Bxb2 {[%clk 0:43:53]} 18. Ra2 {[%clk
0:27:16]} Rfd8 {[%clk 0:41:33]} 19. Qe1 {[%clk 0:25:38]} Bf6 {[%clk 0:33:57]} 20.
Ne3 {[%clk 0:22:13]} Qc7 {[%clk 0:25:02]} 21. Nc4 {[%clk 0:12:04]} Nc5 {[%clk
0:23:22]} 22. Bxc5 {[%clk 0:06:27]} Qxc5+ {[%clk 0:23:42]} 23. Kh1 {[%clk
0:06:46]} b5 {[%clk 0:22:12]} 24. Nxa5 {[%clk 0:04:31]} Bxg2+ {[%clk 0:19:08]}
25. Kxg2 {[%clk 0:04:57]} Qd5+ {[%clk 0:19:30]} 26. Bf3 {[%clk 0:04:48]} Qxa2+
{[%clk 0:19:54]} 27. Rf2 {[%clk 0:05:13]} Qxa3 {[%clk 0:18:52]} 28. Bxa8 {[%clk
0:04:19]} Rxa8 {[%clk 0:19:17]} 29. Nc6 {[%clk 0:01:35]} Bh4 {[%clk 0:19:37]} 30.
Qe5 {[%clk 0:01:52]} Bxf2 {[%clk 0:18:07]} 31. Ne7+ {[%clk 0:01:55]} Kf8 {[%clk
0:18:24]} 32. Nd5 {[%clk 0:02:18]} Bd4 {[%clk 0:14:03]} 33. Qxd4 {[%clk 0:02:06]}
Qa2+ {[%clk 0:14:09]} 34. Kg3 {[%clk 0:01:31]} Ra3+ {[%clk 0:13:49]} 35. Ne3
{[%clk 0:01:51]} Qe6 {[%clk 0:13:19]} 36. Qc5+ {[%clk 0:01:35]} Qe7 {[%clk
0:13:41]} 37. Qxe7+ {[%clk 0:01:50]} Kxe7 {[%clk 0:14:06]} 38. Kf2 {[%clk
0:02:17]} Rxe3 {[%clk 0:14:29]} 39. Kxe3 {[%clk 0:02:43]} Ke6 {[%clk 0:14:55]}
0-1

[Event "Greek Team Championship"]
[Site "chess24.com"]
[Date "2017.07.04"]
[Round "2"]
[White "Kouskoutis, Georgios-Alexandros"]
[Black "Fidrilakis, Stavros"]
[Result "1-0"]
[Board "8"]
[WhiteElo "2242"]
[WhiteCountry "GRE"]
[WhiteFideId "4234049"]
[WhiteEloChange "3"]
[BlackElo "1929"]
[BlackCountry "GRE"]
[BlackFideId "4277821"]
[BlackEloChange "-3"]

1. c4 {[%clk 1:30:57]} e5 {[%clk 1:30:59]} 2. g3 {[%clk 1:31:19]} d6 {[%clk
1:31:08]} 3. Nc3 {[%clk 1:31:34]} Nc6 {[%clk 1:30:52]} 4. Bg2 {[%clk 1:31:50]} g6
{[%clk 1:30:33]} 5. d3 {[%clk 1:31:45]} Bg7 {[%clk 1:30:50]} 6. e4 {[%clk
1:31:45]} Nge7 {[%clk 1:30:16]} 7. Nge2 {[%clk 1:32:09]} O-O {[%clk 1:29:41]} 8.
O-O {[%clk 1:32:11]} Be6 {[%clk 1:27:12]} 9. Nd5 {[%clk 1:29:46]} f5 {[%clk
1:20:09]} 10. Be3 {[%clk 1:28:10]} Qd7 {[%clk 1:16:16]} 11. d4 {[%clk 1:19:01]}
exd4 {[%clk 1:05:05]} 12. Nxd4 {[%clk 1:19:23]} Nxd4 {[%clk 1:05:16]} 13. Bxd4
{[%clk 1:19:47]} Nc6 {[%clk 1:04:58]} 14. Bxg7 {[%clk 1:18:10]} Qxg7 {[%clk
1:05:21]} 15. exf5 {[%clk 1:17:37]} Bxf5 {[%clk 1:03:44]} 16. Qd2 {[%clk
1:15:29]} Kh8 {[%clk 0:56:08]} 17. f4 {[%clk 1:11:46]} Rae8 {[%clk 0:42:49]} 18.
Rae1 {[%clk 1:05:41]} a6 {[%clk 0:21:51]} 19. h3 {[%clk 0:58:23]} Be6 {[%clk
0:16:30]} 20. b3 {[%clk 0:56:45]} a5 {[%clk 0:13:29]} 21. Kh2 {[%clk 0:52:09]} a4
{[%clk 0:12:04]} 22. bxa4 {[%clk 0:42:26]} Bg8 {[%clk 0:08:32]} 23. Rxe8 {[%clk
0:30:37]} Rxe8 {[%clk 0:08:56]} 24. Rb1 {[%clk 0:30:14]} b6 {[%clk 0:06:02]} 25.
Nxb6 {[%clk 0:22:46]} Nd4 {[%clk 0:06:19]} 26. Nd5 {[%clk 0:23:10]} c6 {[%clk
0:04:03]} 27. Nc3 {[%clk 0:18:10]} Bxc4 {[%clk 0:03:53]} 28. Rb7 {[%clk 0:16:40]}
Qxb7 {[%clk 0:01:20]} 29. Qxd4+ {[%clk 0:17:05]} Qg7 {[%clk 0:00:34]} 30. Qxc4
{[%clk 0:17:28]} c5 {[%clk 0:00:49]} 31. a5 {[%clk 0:15:48]} Qd4 {[%clk 0:00:35]}
32. Qf7 {[%clk 0:16:00]} Rb8 {[%clk 0:00:34]} 33. Nd5 {[%clk 0:13:37]} Qg7 {[%clk
0:00:41]} 34. Qxg7+ {[%clk 0:13:07]} Kxg7 {[%clk 0:01:07]} 35. a6 {[%clk
0:13:14]} Rb5 {[%clk 0:00:44]} 36. Nc3 {[%clk 0:09:07]} Ra5 {[%clk 0:01:10]} 37.
Bb7 {[%clk 0:09:31]} c4 {[%clk 0:00:47]} 38. a4 {[%clk 0:08:49]} d5 {[%clk
0:00:51]} 39. Nxd5 {[%clk 0:08:43]} Rxa4 {[%clk 0:01:14]} 40. Kg2 {[%clk
0:38:48]} Ra3 {[%clk 0:30:34]} 41. Kf2 {[%clk 0:37:32]} Kf7 {[%clk 0:30:25]} 42.
Nc3 {[%clk 0:37:01]} Ke7 {[%clk 0:29:29]} 43. Nb5 {[%clk 0:37:22]} Ra2+ {[%clk
0:29:48]} 44. Ke3 {[%clk 0:37:48]} 1-0

[Event "Greek Team Championship"]
[Site "chess24.com"]
[Date "2017.07.04"]
[Round "2"]
[White "Petrakis, Stylianos"]
[Black "Androutsopoulos-Agiotatos, Vasil"]
[Result "1/2-1/2"]
[Board "9"]
[WhiteElo "1977"]
[WhiteCountry "GRE"]
[WhiteFideId "4252764"]
[WhiteEloChange "3"]
[BlackElo "2088"]
[BlackCountry "GRE"]
[BlackFideId "4268130"]
[BlackEloChange "-3"]

1. e4 {[%clk 1:30:57]} c5 {[%clk 1:30:08]} 2. Nf3 {[%clk 1:31:16]} d6 {[%clk
1:30:23]} 3. d4 {[%clk 1:31:39]} cxd4 {[%clk 1:30:44]} 4. Nxd4 {[%clk 1:32:04]}
Nf6 {[%clk 1:31:06]} 5. Nc3 {[%clk 1:32:26]} a6 {[%clk 1:31:24]} 6. Bg5 {[%clk
1:32:33]} Nbd7 {[%clk 1:30:54]} 7. Bc4 {[%clk 1:30:26]} Qb6 {[%clk 1:21:33]} 8.
Bb3 {[%clk 1:28:55]} e6 {[%clk 1:17:46]} 9. Qd2 {[%clk 1:27:33]} Be7 {[%clk
1:16:58]} 10. O-O-O {[%clk 1:27:11]} Nc5 {[%clk 1:14:43]} 11. Rhe1 {[%clk
1:26:16]} O-O {[%clk 0:58:07]} 12. f4 {[%clk 1:24:47]} h6 {[%clk 0:51:50]} 13. h4
{[%clk 1:18:20]} Qc7 {[%clk 0:42:56]} 14. Qe2 {[%clk 1:04:48]} b5 {[%clk
0:36:54]} 15. e5 {[%clk 0:53:47]} dxe5 {[%clk 0:36:08]} 16. fxe5 {[%clk 0:45:11]}
hxg5 {[%clk 0:31:02]} 17. exf6 {[%clk 0:44:45]} Bxf6 {[%clk 0:31:27]} 18. hxg5
{[%clk 0:44:25]} Qf4+ {[%clk 0:22:37]} 19. Kb1 {[%clk 0:30:23]} Bxd4 {[%clk
0:21:43]} 20. g3 {[%clk 0:29:51]} Qxg5 {[%clk 0:12:50]} 21. Rxd4 {[%clk 0:29:38]}
Bb7 {[%clk 0:12:09]} 22. Qh2 {[%clk 0:27:48]} Nxb3 {[%clk 0:05:54]} 23. axb3
{[%clk 0:27:40]} Rfd8 {[%clk 0:06:06]} 24. Rh4 {[%clk 0:23:58]} Kf8 {[%clk
0:05:37]} 25. Rh5 {[%clk 0:15:55]} Qf6 {[%clk 0:05:08]} 26. g4 {[%clk 0:14:47]}
Rac8 {[%clk 0:03:45]} 27. g5 {[%clk 0:07:26]} Qf5 {[%clk 0:03:01]} 28. Qh4 {[%clk
0:04:26]} g6 {[%clk 0:01:55]} 29. Rh8+ {[%clk 0:01:51]} Ke7 {[%clk 0:02:16]} 30.
Rh7 {[%clk 0:01:38]} Rd2 {[%clk 0:02:00]} 31. Qb4+ {[%clk 0:01:29]} Rd6 {[%clk
0:01:01]} 32. Rd1 {[%clk 0:00:34]} Qc5 {[%clk 0:01:04]} 33. Qxc5 {[%clk 0:00:35]}
Rxc5 {[%clk 0:01:33]} 34. Rxd6 {[%clk 0:00:35]} Kxd6 {[%clk 0:02:00]} 35. Rxf7
{[%clk 0:00:59]} Bc6 {[%clk 0:01:33]} 1/2-1/2

[Event "Greek Team Championship"]
[Site "chess24.com"]
[Date "2017.07.04"]
[Round "2"]
[White "Krallis, Christos"]
[Black "Tzagarakis, Panagiotis"]
[Result "1-0"]
[Board "10"]
[WhiteElo "2218"]
[WhiteCountry "GRE"]
[WhiteFideId "4298896"]
[WhiteEloChange "2"]
[BlackElo "1608"]
[BlackCountry "GRE"]
[BlackFideId "25806009"]
[BlackEloChange "-2"]

1. c4 {[%clk 1:30:58]} c5 {[%clk 1:29:48]} 2. g3 {[%clk 1:31:12]} Nf6 {[%clk
1:29:27]} 3. Bg2 {[%clk 1:31:34]} d5 {[%clk 1:29:18]} 4. cxd5 {[%clk 1:31:46]}
Nxd5 {[%clk 1:29:39]} 5. Nc3 {[%clk 1:32:06]} Nxc3 {[%clk 1:24:57]} 6. bxc3
{[%clk 1:30:22]} Qc7 {[%clk 1:20:02]} 7. Nf3 {[%clk 1:28:13]} g6 {[%clk 1:18:33]}
8. O-O {[%clk 1:27:08]} Bg7 {[%clk 1:18:11]} 9. d4 {[%clk 1:24:57]} O-O {[%clk
1:16:07]} 10. Bf4 {[%clk 1:25:01]} Qa5 {[%clk 1:15:42]} 11. Qb3 {[%clk 1:23:33]}
Nc6 {[%clk 1:08:27]} 12. d5 {[%clk 1:21:24]} Nd8 {[%clk 1:08:18]} 13. Rac1 {[%clk
1:20:46]} Re8 {[%clk 1:02:53]} 14. c4 {[%clk 1:19:14]} e6 {[%clk 0:58:28]} 15. e4
{[%clk 1:17:55]} b6 {[%clk 0:52:51]} 16. e5 {[%clk 1:15:54]} exd5 {[%clk
0:46:59]} 17. cxd5 {[%clk 1:15:07]} Ba6 {[%clk 0:46:06]} 18. Rfe1 {[%clk
1:13:43]} Nb7 {[%clk 0:40:15]} 19. e6 {[%clk 1:10:23]} c4 {[%clk 0:37:17]} 20.
exf7+ {[%clk 1:09:29]} Kxf7 {[%clk 0:37:27]} 21. Qc2 {[%clk 1:08:47]} Nc5 {[%clk
0:35:40]} 22. d6 {[%clk 0:49:43]} Rad8 {[%clk 0:31:56]} 23. Ng5+ {[%clk 0:49:32]}
Kg8 {[%clk 0:25:58]} 24. Bd5+ {[%clk 0:48:02]} Ne6 {[%clk 0:21:30]} 25. Bxe6+
{[%clk 0:48:22]} Rxe6 {[%clk 0:21:26]} 26. Nxe6 {[%clk 0:48:44]} Ra8 {[%clk
0:21:18]} 27. d7 {[%clk 0:48:54]} Bf6 {[%clk 0:21:20]} 28. Qe4 {[%clk 0:49:00]}
1-0

[Event "Greek Team Championship"]
[Site "chess24.com"]
[Date "2017.07.04"]
[Round "2"]
[White "Papaioannou, Ioannis"]
[Black "Firman, Nazar"]
[Result "1-0"]
[Board "1"]
[WhiteElo "2636"]
[WhiteTitle "GM"]
[WhiteCountry "GRE"]
[WhiteFideId "4201345"]
[WhiteEloChange "3"]
[BlackElo "2512"]
[BlackTitle "GM"]
[BlackCountry "UKR"]
[BlackFideId "14104490"]
[BlackEloChange "-3"]

1. d4 {[%clk 1:20:44]} Nf6 {[%clk 1:30:48]} 2. c4 {[%clk 1:20:40]} g6 {[%clk
1:31:12]} 3. Nc3 {[%clk 1:21:01]} Bg7 {[%clk 1:31:32]} 4. e4 {[%clk 1:21:21]} d6
{[%clk 1:31:53]} 5. Be2 {[%clk 1:21:42]} O-O {[%clk 1:29:20]} 6. Bg5 {[%clk
1:21:29]} c5 {[%clk 1:18:16]} 7. d5 {[%clk 1:20:42]} b5 {[%clk 1:17:24]} 8. cxb5
{[%clk 1:20:54]} a6 {[%clk 1:17:51]} 9. a4 {[%clk 1:20:36]} Qa5 {[%clk 1:15:43]}
10. Bd2 {[%clk 1:20:17]} axb5 {[%clk 0:59:54]} 11. Bxb5 {[%clk 1:19:51]} Na6
{[%clk 0:58:03]} 12. Nf3 {[%clk 1:18:16]} Nb4 {[%clk 0:54:50]} 13. O-O {[%clk
1:17:15]} Ba6 {[%clk 0:54:03]} 14. Re1 {[%clk 1:13:37]} Nd3 {[%clk 0:48:07]} 15.
Bxd3 {[%clk 1:12:19]} Bxd3 {[%clk 0:48:06]} 16. e5 {[%clk 1:12:38]} dxe5 {[%clk
0:25:35]} 17. Nxe5 {[%clk 1:12:58]} Qa6 {[%clk 0:23:09]} 18. Qf3 {[%clk 1:09:45]}
Bc2 {[%clk 0:15:06]} 19. Bg5 {[%clk 1:07:40]} h6 {[%clk 0:08:47]} 20. Bh4 {[%clk
1:07:33]} g5 {[%clk 0:08:41]} 21. Bg3 {[%clk 1:07:58]} e6 {[%clk 0:06:37]} 22.
Nc6 {[%clk 1:03:25]} Nxd5 {[%clk 0:05:30]} 23. Nxd5 {[%clk 1:03:36]} exd5 {[%clk
0:05:57]} 24. Qxd5 {[%clk 1:02:57]} Qd3 {[%clk 0:00:56]} 25. Qxc5 {[%clk
1:02:52]} Kh7 {[%clk 0:00:34]} 26. Nb4 {[%clk 1:03:11]} 1-0

[Event "Greek Team Championship"]
[Site "chess24.com"]
[Date "2017.07.04"]
[Round "2"]
[White "Maier, Christian"]
[Black "Sethuraman, S.P."]
[Result "1/2-1/2"]
[Board "2"]
[WhiteElo "2388"]
[WhiteTitle "IM"]
[WhiteCountry "GER"]
[WhiteFideId "4601955"]
[WhiteEloChange "6"]
[BlackElo "2625"]
[BlackTitle "GM"]
[BlackCountry "IND"]
[BlackFideId "5021596"]
[BlackEloChange "-3"]

1. c4 {[%clk 1:29:39]} e5 {[%clk 1:29:59]} 2. g3 {[%clk 1:29:25]} Nc6 {[%clk
1:28:47]} 3. Bg2 {[%clk 1:28:29]} f5 {[%clk 1:27:40]} 4. Nc3 {[%clk 1:26:37]} Nf6
{[%clk 1:28:05]} 5. e3 {[%clk 1:25:15]} g6 {[%clk 1:18:01]} 6. Nge2 {[%clk
1:23:33]} Bg7 {[%clk 1:17:32]} 7. d3 {[%clk 1:23:21]} d6 {[%clk 1:17:40]} 8. b3
{[%clk 1:18:53]} O-O {[%clk 1:10:02]} 9. Bb2 {[%clk 1:18:07]} Bd7 {[%clk
0:56:33]} 10. Qd2 {[%clk 1:16:43]} a6 {[%clk 0:55:55]} 11. Nd5 {[%clk 1:14:33]}
Rb8 {[%clk 0:54:33]} 12. O-O {[%clk 1:06:34]} Ne7 {[%clk 0:54:29]} 13. Nxf6+
{[%clk 1:06:46]} Bxf6 {[%clk 0:54:54]} 14. f4 {[%clk 1:05:48]} Nc6 {[%clk
0:50:58]} 15. d4 {[%clk 1:04:45]} e4 {[%clk 0:45:59]} 16. g4 {[%clk 1:02:39]}
fxg4 {[%clk 0:43:27]} 17. Ng3 {[%clk 1:02:04]} Bg7 {[%clk 0:43:49]} 18. Nxe4
{[%clk 1:02:18]} Ne7 {[%clk 0:44:09]} 19. Rae1 {[%clk 0:59:10]} b5 {[%clk
0:39:27]} 20. Bc3 {[%clk 0:55:10]} Nf5 {[%clk 0:36:26]} 21. Ng5 {[%clk 0:44:29]}
Qe7 {[%clk 0:29:14]} 22. e4 {[%clk 0:40:18]} Nh4 {[%clk 0:29:35]} 23. e5 {[%clk
0:40:35]} Nxg2 {[%clk 0:29:34]} 24. Qxg2 {[%clk 0:40:51]} bxc4 {[%clk 0:23:34]}
25. bxc4 {[%clk 0:30:27]} dxe5 {[%clk 0:16:31]} 26. Qd5+ {[%clk 0:30:11]} Kh8
{[%clk 0:16:58]} 27. Rxe5 {[%clk 0:29:35]} Qa3 {[%clk 0:13:10]} 28. Ba1 {[%clk
0:21:31]} Be8 {[%clk 0:10:03]} 29. Qe4 {[%clk 0:19:49]} Bd7 {[%clk 0:08:54]} 30.
Qd5 {[%clk 0:16:23]} Be8 {[%clk 0:09:06]} 31. Qe4 {[%clk 0:16:34]} Bd7 {[%clk
0:06:36]} 32. Qd5 {[%clk 0:16:57]} Be8 {[%clk 0:05:11]} 1/2-1/2

[Event "Greek Team Championship"]
[Site "chess24.com"]
[Date "2017.07.04"]
[Round "2"]
[White "Saric, Ivan"]
[Black "Skembris, Spyridon"]
[Result "1-0"]
[Board "3"]
[WhiteElo "2616"]
[WhiteTitle "GM"]
[WhiteCountry "CRO"]
[WhiteFideId "14508150"]
[WhiteEloChange "2"]
[BlackElo "2386"]
[BlackTitle "GM"]
[BlackCountry "GRE"]
[BlackFideId "4200020"]
[BlackEloChange "-4"]

1. e4 {[%clk 1:27:22]} e5 {[%clk 1:28:26]} 2. Nf3 {[%clk 1:27:46]} Nc6 {[%clk
1:28:38]} 3. d4 {[%clk 1:27:31]} exd4 {[%clk 1:28:26]} 4. Nxd4 {[%clk 1:27:57]}
Nf6 {[%clk 1:28:39]} 5. Nxc6 {[%clk 1:28:20]} bxc6 {[%clk 1:29:04]} 6. e5 {[%clk
1:28:43]} Qe7 {[%clk 1:29:24]} 7. Qe2 {[%clk 1:29:07]} Nd5 {[%clk 1:29:45]} 8. c4
{[%clk 1:29:29]} Nb6 {[%clk 1:29:52]} 9. Nc3 {[%clk 1:29:52]} Qe6 {[%clk
1:29:35]} 10. Qe4 {[%clk 1:30:00]} g6 {[%clk 1:28:32]} 11. Bd2 {[%clk 1:26:40]}
Bg7 {[%clk 1:20:32]} 12. c5 {[%clk 1:26:06]} Nd5 {[%clk 1:20:44]} 13. Bc4 {[%clk
1:23:23]} Qxe5 {[%clk 1:18:30]} 14. Qxe5+ {[%clk 1:22:12]} Bxe5 {[%clk 1:18:48]}
15. Bxd5 {[%clk 1:19:34]} cxd5 {[%clk 1:19:03]} 16. O-O-O {[%clk 1:19:52]} O-O
{[%clk 1:17:12]} 17. Nxd5 {[%clk 1:19:17]} Bb7 {[%clk 1:16:14]} 18. Ba5 {[%clk
1:08:33]} Rfe8 {[%clk 1:13:18]} 19. Rhe1 {[%clk 1:07:33]} Bxd5 {[%clk 1:09:52]}
20. Rxd5 {[%clk 1:07:57]} Bf4+ {[%clk 1:07:00]} 21. Kd1 {[%clk 1:04:52]} Rxe1+
{[%clk 1:07:14]} 22. Kxe1 {[%clk 0:58:23]} Re8+ {[%clk 1:05:32]} 23. Kd1 {[%clk
0:58:15]} Re7 {[%clk 1:03:53]} 24. g3 {[%clk 0:51:44]} Be5 {[%clk 1:03:39]} 25.
f4 {[%clk 0:46:18]} Bxb2 {[%clk 1:03:25]} 26. Bxc7 {[%clk 0:46:45]} f5 {[%clk
1:03:28]} 27. Bd8 {[%clk 0:41:11]} Rf7 {[%clk 1:02:37]} 28. Kc2 {[%clk 0:39:44]}
Bg7 {[%clk 1:03:03]} 29. Kd3 {[%clk 0:39:44]} Kf8 {[%clk 1:03:19]} 30. Bg5 {[%clk
0:36:57]} Bb2 {[%clk 1:03:15]} 31. Kc4 {[%clk 0:36:36]} Kg7 {[%clk 0:59:01]} 32.
Rd6 {[%clk 0:35:44]} Bc1 {[%clk 0:55:00]} 33. Bd8 {[%clk 0:30:24]} Be3 {[%clk
0:50:30]} 34. Rd1 {[%clk 0:29:07]} Kh6 {[%clk 0:50:25]} 35. Re1 {[%clk 0:28:40]}
Bf2 {[%clk 0:48:53]} 36. Re2 {[%clk 0:26:26]} Bg1 {[%clk 0:49:15]} 37. h3 {[%clk
0:22:57]} Kh5 {[%clk 0:47:37]} 38. Rg2 {[%clk 0:22:42]} Be3 {[%clk 0:46:13]} 39.
Bg5 {[%clk 0:22:42]} 1-0